000 00571nam a22002057a 4500
999 _c7616
_d7616
003 OSt
005 20220119111341.0
008 220119b ||||| |||| 00| 0 eng d
020 _a0132413264
040 _cDDC
082 _2537
_aULA
_b2007
100 _aUlaby,T.Fawwaz;
_911957
245 _aFundamentals of Applied Electromagnetics.
250 _a4th ed.
260 _aNew Jersey
_bPearson prentice Hall.
_c2007
300 _axvi,464p;
_bill,col;
_c25cm.
504 _aappendix, Bibliography and index are included.
650 _aphysics
_9809
942 _2ddc
_cO_SHELF